[Event "Hamburg-chT Landesliga 2122"]
[Site "Hamburg"]
[Date "2022.04.03"]
[Round "8.3"]
[White "Groetzbach, Daniel"]
[Black "Lohse, Marc"]
[Result "1-0"]
[WhiteElo "2070"]
[BlackElo "1913"]
[PlyCount "99"]
[EventDate "2021.10.31"]
[EventType "team-tourn"]
[EventRounds "9"]
[EventCountry "GER"]
[SourceTitle "EXT 2023"]
[Source "ChessBase"]
[SourceDate "2022.10.05"]
[SourceVersion "1"]
[SourceVersionDate "2022.10.05"]
[SourceQuality "1"]
[WhiteTeam "Hamburger SK IV"]
[BlackTeam "Hamburg Koenigsspringer II"]
[WhiteTeamCountry "GER"]
[BlackTeamCountry "GER"]

1. e4 c5 2. Ne2 d6 3. Nbc3 Nf6 4. d4 cxd4 5. Nxd4 a6 6. Be3 e5 7. Nb3 Be7 8. f4 Ng4 9. Bg1 exf4 10. Qf3 Bh4+ 11. g3 fxg3 12. hxg3 Ne5 13. Qg2 Bg5 14. Nd5 Bg4 15. Bb6 Qc8 16. Nc7+ Ke7 17. Be2 Nbd7 18. Bxg4 Nxg4 19. Nxa8 Be3 20. Bd4 Qc6 21. Qe2 Qxe4 22. Rh4 f5 23. Rxg4 Qh1+ 24. Qf1 Qxf1+ 25. Kxf1 fxg4 26. Re1 Rxa8 27. Rxe3+ Kf7 28. Bxg7 Rc8 29. Rc3 Rg8 30. Bd4 Ke6 31. Rc7 b6 32. Ke2 Rf8 33. Be3 h5 34. Nd4+ Ke7 35. Bg5+ Ke8 36. Ne6 Rg8 37. Rc8+ Kf7 38. Rxg8 Kxg8 39. Nc7 Nc5 40. Bf4 a5 41. Bxd6 Ne4 42. Be5 Kf7 43. Ke3 Ng5 44. Bd4 b5 45. Nxb5 Ke6 46. a4 Kf5 47. Nd6+ Ke6 48. Nc4 Kd5 49. Nxa5 Ne4 50. c4+ 1-0

[Event "Hamburg-chT Landesliga 1920"]
[Site "Hamburg"]
[Date "2020.03.01"]
[Round "7.19"]
[White "Lohse, Marc"]
[Black "Perez de Miguel, Alvaro"]
[Result "0-1"]
[WhiteElo "1908"]
[BlackElo "2290"]
[PlyCount "43"]
[EventDate "2019.09.29"]
[EventType "team-tourn"]
[EventRounds "9"]
[EventCountry "GER"]
[SourceTitle "EXT 2022"]
[Source "ChessBase"]
[SourceDate "2021.10.06"]
[SourceVersion "1"]
[SourceVersionDate "2021.10.06"]
[SourceQuality "1"]

1. e4 c6 2. d4 d5 3. exd5 cxd5 4. Bd3 Nc6 5. c3 Qc7 6. Qb3 Nxd4 7. Qxd5 Nc6 8. Ne2 Nf6 9. Qb3 Bg4 10. Be3 0-0-0 11. Bb5 a6 12. Bxc6 Qxc6 13. f3 e5 14. fxg4 Nxg4 15. Bb6 Bc5 16. Bxd8 Qxg2 17. Bg5 Qxh1+ 18. Kd2 Qe4 19. Qxf7 Rf8 20. Qe6+ Kb8 21. h3 Nh2 22. Kd1 0-1

[Event "Hamburg-chT Landesliga 1920"]
[Site "Hamburg"]
[Date "2019.09.29"]
[Round "1.5"]
[White "Leonardi, Karlheinz"]
[Black "Lohse, Marc"]
[Result "0-1"]
[WhiteElo "2136"]
[BlackElo "1908"]
[PlyCount "66"]
[EventDate "2019.09.29"]
[EventType "team-tourn"]
[EventRounds "9"]
[EventCountry "GER"]
[SourceTitle "EXT 2021"]
[Source "ChessBase"]
[SourceDate "2020.10.23"]
[SourceVersion "1"]
[SourceVersionDate "2020.10.23"]
[SourceQuality "1"]

1. c4 e5 2. Nc3 Nf6 3. Nf3 Nc6 4. e3 Bb4 5. Qc2 Bxc3 6. Qxc3 d6 7. d3 0-0 8. a3 Re8 9. h3 a5 10. Nd2 a4 11. Be2 h6 12. b4 Nh7 13. Bb2 Qg5 14. g4 f5 15. gxf5 Bxf5 16. 0-0-0 Qh4 17. Rh2 Ng5 18. Nf3 Nxf3 19. Bxf3 Nd4 20. Bd5+ Be6 21. Kb1 Qh5 22. Bxe6+ Rxe6 23. Rhh1 Nb3 24. Rdg1 Rg6 25. Qe1 Rf8 26. Kc2 Rxg1 27. Rxg1 Qf3 28. Rf1 Qxh3 29. Rh1 Qg2 30. Rf1 h5 31. Bc3 h4 32. Kb1 h3 33. f4 h2 0-1

[Event "Harburg-chB 13th"]
[Site "Hamburg"]
[Date "2018.08.03"]
[Round "1"]
[White "Lohse, Marc"]
[Black "Meiwes, Thore"]
[Result "1-0"]
[WhiteElo "1948"]
[BlackElo "1794"]
[PlyCount "69"]
[EventDate "2018.08.03"]
[EventType "tourn"]
[EventRounds "5"]
[EventCountry "GER"]
[SourceTitle "EXT 2019"]
[Source "ChessBase"]
[SourceDate "2018.10.10"]
[SourceVersion "1"]
[SourceVersionDate "2018.10.10"]
[SourceQuality "1"]

1. e4 c6 2. d4 d5 3. exd5 cxd5 4. Bd3 Nc6 5. c3 Nf6 6. Bf4 g6 7. Nf3 Bf5 8. Bxf5 gxf5 9. 0-0 e6 10. Re1 Bd6 11. Ne5 Qc7 12. Nd2 0-0-0 13. Nxc6 Qxc6 14. Bg5 Be7 15. Nf3 Rdf8 16. Qe2 Qe8 17. Ne5 Nd7 18. Bf4 Bf6 19. Nd3 Bd8 20. c4 Nf6 21. Qe5 Qc6 22. Qb8+ Kd7 23. Ne5+ Ke7 24. Nxc6+ bxc6 25. Bd6+ Ke8 26. Bxf8 Kxf8 27. Qxd8+ Kg7 28. Qc7 Rg8 29. Rxe6 Ng4 30. h3 Kh8 31. Qxf7 Nh6 32. Qf6+ Rg7 33. Qxh6 dxc4 34. Re8+ Rg8 35. Qf6# 1-0

[Event "Hamburg-ch MB"]
[Site "Hamburg"]
[Date "2018.05.25"]
[Round "7"]
[White "Christensen, Andreas"]
[Black "Lohse, Marc"]
[Result "0-1"]
[WhiteElo "1808"]
[BlackElo "1979"]
[PlyCount "110"]
[EventDate "2018.05.19"]
[EventType "swiss"]
[EventRounds "9"]
[EventCountry "GER"]
[SourceTitle "EXT 2020"]
[Source "ChessBase"]
[SourceDate "2019.10.17"]
[SourceVersion "1"]
[SourceVersionDate "2019.10.17"]
[SourceQuality "1"]

1. e4 c5 2. Nf3 d6 3. d4 cxd4 4. Nxd4 Nf6 5. Nc3 a6 6. Be3 e5 7. Nb3 Be6 8. f3 Be7 9. Qd2 b5 10. 0-0-0 Nbd7 11. Nd5 Nxd5 12. exd5 Bf5 13. Bd3 Bxd3 14. Qxd3 0-0 15. h4 Rc8 16. Kb1 Qc7 17. g4 Nb6 18. g5 Nc4 19. Bc1 f5 20. gxf6 Bxf6 21. Nd2 Nxd2+ 22. Qxd2 b4 23. h5 a5 24. Qg2 a4 25. Rhe1 Qb7 26. Rd3 Rc4 27. h6 g6 28. Re4 Rfc8 29. Rxc4 Rxc4 30. Qh3 Qc8 31. Qxc8+ Rxc8 32. Be3 Kf7 33. a3 Rc4 34. axb4 Rxb4 35. Bd2 Rb5 36. Bc1 g5 37. c4 Rc5 38. b3 axb3 39. Rxb3 Rxc4 40. Rb7+ Kg6 41. Rd7 Kxh6 42. Rxd6 Kg6 43. Rb6 Rd4 44. d6 h5 45. Bb2 Rd5 46. Ba3 Kf5 47. Kc2 h4 48. Rb7 Ke6 49. Rh7 Ra5 50. Kb3 Ra8 51. Rc7 h3 52. Rc2 Rh8 53. Rh2 e4 54. fxe4 Be5 55. Rh1 g4 0-1

[Event "Harburg-chA 12th"]
[Site "Hamburg"]
[Date "2017.08.06"]
[Round "4"]
[White "Ramme, Christoph"]
[Black "Lohse, Marc"]
[Result "1-0"]
[WhiteElo "2116"]
[BlackElo "2021"]
[PlyCount "33"]
[EventDate "2017.08.06"]
[EventType "tourn"]
[EventRounds "5"]
[EventCountry "GER"]
[SourceTitle "CBM 180 Extra"]
[Source "ChessBase"]
[SourceDate "2017.10.06"]
[SourceVersion "1"]
[SourceVersionDate "2017.10.06"]
[SourceQuality "1"]

1. d4 Nf6 2. c4 e6 3. Nc3 Bb4 4. Qc2 d5 5. a3 Bxc3+ 6. Qxc3 Ne4 7. Qc2 e5 8. dxe5 Bf5 9. Qb3 Nc5 10. Qg3 0-0 11. b4 Ne4 12. Qb3 dxc4 13. Qxc4 b5 14. Qd3 Qe7 15. Bb2 Nc6 16. Qxb5 Nxf2 17. Kxf2 1-0

[Event "Hamburg-ch MA"]
[Site "Hamburg"]
[Date "2017.06.10"]
[Round "8"]
[White "Urban, Ralf Dieter"]
[Black "Lohse, Marc"]
[Result "0-1"]
[WhiteElo "2071"]
[BlackElo "1967"]
[PlyCount "82"]
[EventDate "2017.06.03"]
[EventType "swiss"]
[EventRounds "9"]
[EventCountry "GER"]
[SourceTitle "CBM 179 Extra"]
[Source "ChessBase"]
[SourceDate "2017.08.23"]
[SourceVersion "1"]
[SourceVersionDate "2017.08.23"]
[SourceQuality "1"]

1. e4 c5 2. Nf3 d6 3. c3 Qa5 4. b4 cxb4 5. cxb4 Qxb4 6. Nc3 Nc6 7. Rb1 Qa5 8. Bc4 e6 9. 0-0 a6 10. Qc2 Qc7 11. d4 Nxd4 12. Qd3 Nxf3+ 13. gxf3 Ne7 14. Be3 b5 15. Bxb5+ Nc6 16. Ba4 Bd7 17. Bb6 Qc8 18. f4 Be7 19. Rfc1 0-0 20. Ne2 Qe8 21. Bc7 d5 22. Qc3 Nd4 23. Nxd4 Bxa4 24. exd5 exd5 25. Be5 f6 26. Bc7 Qd7 27. f5 Bd6 28. Bxd6 Qxd6 29. Rb7 Kh8 30. Ne6 Rg8 31. Qh3 Bd7 32. Rc3 Rgc8 33. Rg3 Rc1+ 34. Kg2 d4 35. f3 Rac8 36. Qg4 g5 37. Nxg5 R1c2+ 38. Kh3 Qf8 39. Nxh7 Qh6+ 40. Qh4 Rxh2+ 41. Kxh2 Qxh4+ 0-1

[Event "Hamburg-chT Landesliga 1617"]
[Site "Hamburg"]
[Date "2017.05.13"]
[Round "8.4"]
[White "Kalla, Christian"]
[Black "Lohse, Marc"]
[Result "1/2-1/2"]
[WhiteElo "2022"]
[BlackElo "1967"]
[PlyCount "116"]
[EventDate "2016.10.16"]
[EventType "team-tourn"]
[EventRounds "9"]
[EventCountry "GER"]
[SourceTitle "EXT 2022"]
[Source "ChessBase"]
[SourceDate "2021.10.06"]
[SourceVersion "1"]
[SourceVersionDate "2021.10.06"]
[SourceQuality "1"]
[WhiteTeam "Hamburg Diogenes II"]
[BlackTeam "Hamburg Koenigsspringer II"]
[WhiteTeamCountry "GER"]
[BlackTeamCountry "GER"]

1. e4 c5 2. c3 Qa5 3. Nf3 Nc6 4. d4 cxd4 5. b4 Qc7 6. b5 Ne5 7. cxd4 Nxf3+ 8. gxf3 e5 9. Be3 Bb4+ 10. Bd2 Bxd2+ 11. Nxd2 exd4 12. Nc4 Qc5 13. e5 Qb4+ 14. Qd2 Qxd2+ 15. Kxd2 d5 16. Nd6+ Ke7 17. Rc1 Nh6 18. Kd3 Rd8 19. Rc7+ Kf8 20. Be2 b6 21. Rhc1 Be6 22. Kxd4 Nf5+ 23. Nxf5 Bxf5 24. R1c3 Rd7 25. Rxd7 Bxd7 26. f4 Be6 27. Bf3 Ke8 28. a4 a6 29. Be2 axb5 30. Bxb5+ Bd7 31. Kxd5 Bxb5 32. axb5 Rd8+ 33. Ke4 Rd2 34. Rc6 Rxf2 35. h4 g6 36. h5 gxh5 37. Rxb6 Kf8 38. Rh6 Rb2 39. Rxh7 Rxb5 40. Rxh5 Ke7 41. Rh6 Ra5 42. Rb6 Ra7 43. Kf5 Rc7 44. Rb5 Ra7 45. Kg5 Rc7 46. f5 f6+ 47. exf6+ Kf7 48. Re5 Rc1 49. Re7+ Kf8 50. Re4 Kf7 51. Re7+ Kf8 52. Re4 Kf7 53. Rh4 Rg1+ 54. Kf4 Kxf6 55. Rh6+ Kf7 56. Rc6 Rf1+ 57. Ke5 Re1+ 58. Kd4 Rd1+ 1/2-1/2